Những thắc mắc về bệnh phụ nữ
Guardat en:
| Autor principal: | |
|---|---|
| Format: | Llibre |
| Idioma: | Undetermined |
| Publicat: |
Tp. HCM
Thanh Niên
2002
|
| Matèries: | |
| Etiquetes: |
Afegir etiqueta
Sense etiquetes, Sigues el primer a etiquetar aquest registre!
|
| Thư viện lưu trữ: | Trung tâm Học liệu Trường Đại học Cần Thơ |
|---|
| LEADER | 00480nam a2200169Ia 4500 | ||
|---|---|---|---|
| 001 | CTU_48180 | ||
| 008 | 210402s9999 xx 000 0 und d | ||
| 082 | |a 613.0424 | ||
| 082 | |b Qu106 | ||
| 100 | |a MAI KIM QUANG | ||
| 245 | 0 | |a Những thắc mắc về bệnh phụ nữ | |
| 245 | 0 | |c MAI KIM QUANG | |
| 260 | |a Tp. HCM | ||
| 260 | |b Thanh Niên | ||
| 260 | |c 2002 | ||
| 650 | |a women - health and hygiene | ||
| 980 | |a Trung tâm Học liệu Trường Đại học Cần Thơ | ||